Normal view
MARC view
- Sorhuet, Hernán Luis
Entry Nombre Personal
001 - NUMERO DE CONTROL
- campo de control: 33653
003 - IDENTIFICADOR DE NUMERO DE CONTROL
- campo de control: UPN
005 - FECHA Y HORA DE LA ÜLTIMA TRANSACCIÓN
- campo de control: 20210219194445.0
008 - DATOS DE LONGITUD FIJA
- campo de control de longitud fija: nabaccnnaabn|||||||||| b |nc|||||d
035 ## - NUMERO DE CONTROL
- Número de control: UPN11000005760
040 ## - FUENTE DE CATALOGACIÓN
- Lenguaje de catalogación: SPA
- Agencia de transcripción: UPN
100 1# - ENCABEZAMIENTO - NOMBRE PERSONAL
- Nombre personal: Sorhuet, Hernán Luis
670 ## - FUENTE EN LA QUE SE LOCALIZARON DATOS
- Cita de la fuente: T
- Uniform Resource Identifier: http://www.euskalkultura.com/noticias/hernan-luis-sorhuet-biologo-y-escritor-uruguayo-de-origen-vasco-presenta-su-nuevo-trabajo/view?set_language=es
680 ## - NOTA PUBLICA DE ACCESO PÚBLICO
- Frase explicativa de la referencia: Biólogo y escritor uruguayo de origen vasco
902 ## - CATALOGADOR
- Catalogador: MCM/030613
